<?xml version="1.0" encoding="UTF-8"?>
<record
    xmlns:xsi="http://www.w3.org/2001/XMLSchema-instance"
    xsi:schemaLocation="http://www.loc.gov/MARC21/slim http://www.loc.gov/standards/marcxml/schema/MARC21slim.xsd"
    xmlns="http://www.loc.gov/MARC21/slim">

  <leader>01595nam a22002417a 4500</leader>
  <controlfield tag="003">DO-SdBJH</controlfield>
  <controlfield tag="005">20250319145457.0</controlfield>
  <controlfield tag="008">250319b        |||||||| |||| 00| 0 spa d</controlfield>
  <datafield tag="040" ind1=" " ind2=" ">
    <subfield code="a">DO-SdBJH</subfield>
    <subfield code="b">spa</subfield>
    <subfield code="c">DO-SdBJH</subfield>
  </datafield>
  <datafield tag="090" ind1=" " ind2=" ">
    <subfield code="a">TG ANGM</subfield>
    <subfield code="b">02282 2023</subfield>
  </datafield>
  <datafield tag="100" ind1="1" ind2=" ">
    <subfield code="a">Ceballos Monta&#xF1;o, Waldry Jos&#xE9;</subfield>
    <subfield code="e">sustentante</subfield>
  </datafield>
  <datafield tag="245" ind1="1" ind2="0">
    <subfield code="a">Rol del Cuerpo Especializado de Seguridad Portuaria (CESEP) en la Seguridad Nacional e incidencia en las Fuerzas Armadas (FFAA) / </subfield>
    <subfield code="c"> Waldry Jos&#xE9; Ceballos Monta&#xF1;o, Addias Benhail Bonilla Santana, asesor M&#xE1;ximo Pe&#xF1;a De Le&#xF3;n, Manuel V. Feliz Ledesma</subfield>
  </datafield>
  <datafield tag="260" ind1=" " ind2=" ">
    <subfield code="a">Santo Domingo Este :</subfield>
    <subfield code="b">INSUDE, </subfield>
    <subfield code="c">2023</subfield>
  </datafield>
  <datafield tag="300" ind1=" " ind2=" ">
    <subfield code="a">iii, 79 p&#xE1;ginas</subfield>
  </datafield>
  <datafield tag="502" ind1=" " ind2=" ">
    <subfield code="a">Trabajo de grado (Licenciado en Ciencias Navales). -- Instituto Superior para la Defensa (INSUDE). Academia Naval Marina de Guerra &#x201C;Vicealmirante Cesar D&#x2019;Windt Lavandier&#x201D;, 2023</subfield>
  </datafield>
  <datafield tag="504" ind1=" " ind2=" ">
    <subfield code="a">Incluye referencias bibliogr&#xE1;ficas e &#xED;ndices</subfield>
  </datafield>
  <datafield tag="505" ind1=" " ind2=" ">
    <subfield code="a">Aspectos hist&#xF3;ricos y legales del Cuerpo Especializado de Seguridad Portuaria (CESEP). -- Cuerpo Especializado de Seguridad Portuaria (CESEP) y su relaci&#xF3;n  institucional  con el desarrollo nacional. -- Cuerpo Especializado de Seguridad Portuaria (CESEP) como autoridad designada y sus relaciones institucionales con las Fuerzas Armadas (FFAA)</subfield>
  </datafield>
  <datafield tag="700" ind1="1" ind2=" ">
    <subfield code="a">Bonilla Santana, Addias Benhail </subfield>
    <subfield code="e">sustentante</subfield>
  </datafield>
  <datafield tag="700" ind1="1" ind2=" ">
    <subfield code="a">Pe&#xF1;a De Le&#xF3;n, M&#xE1;ximo </subfield>
    <subfield code="e">asesor</subfield>
  </datafield>
  <datafield tag="700" ind1="1" ind2=" ">
    <subfield code="a">Feliz Ledesma, Manuel V. </subfield>
    <subfield code="e">asesor</subfield>
  </datafield>
  <datafield tag="830" ind1=" " ind2=" ">
    <subfield code="a">INSUDE.  Academia Naval Marina de Guerra &#x201C;Vicealmirante Cesar D&#x2019;Windt Lavandier&#x201D;. Tesis y disertaciones acad&#xE9;micas</subfield>
  </datafield>
  <datafield tag="942" ind1=" " ind2=" ">
    <subfield code="2">CL</subfield>
    <subfield code="c">T</subfield>
  </datafield>
  <datafield tag="999" ind1=" " ind2=" ">
    <subfield code="c">8105</subfield>
    <subfield code="d">8105</subfield>
  </datafield>
  <datafield tag="952" ind1=" " ind2=" ">
    <subfield code="0">0</subfield>
    <subfield code="1">0</subfield>
    <subfield code="2">CL</subfield>
    <subfield code="4">0</subfield>
    <subfield code="7">0</subfield>
    <subfield code="8">CG</subfield>
    <subfield code="a">BJHA</subfield>
    <subfield code="b">BJHA</subfield>
    <subfield code="d">2025-03-19</subfield>
    <subfield code="i">23-02282</subfield>
    <subfield code="l">0</subfield>
    <subfield code="o">TG ANGM 02282 2023</subfield>
    <subfield code="p">23-02282</subfield>
    <subfield code="r">2025-03-19 14:55:18</subfield>
    <subfield code="t">e.1</subfield>
    <subfield code="w">2025-03-19</subfield>
    <subfield code="y">T</subfield>
  </datafield>
</record>
